Select bibliography on enviroment, health & safety (Record no. 19822)

MARC details
000 -LEADER
fixed length control field 00491nam a2200157Ia 4500
082 ## - DEWEY DECIMAL CLASSIFICATION NUMBER
Classification number 016.3337 BOM-S
245 #0 - TITLE STATEMENT
Title Select bibliography on enviroment, health & safety
260 ## - PUBLICATION, DISTRIBUTION, ETC. (IMPRINT)
Place of publication Bombay
Name of publisher Indian Institute of Workers Education
Year of publication 1994
300 ## - PHYSICAL DESCRIPTION
Number of Pages 69p.
650 ## - SUBJECT ADDED ENTRY--TOPICAL TERM
Topical Term Environmental health - Bibliography
650 ## - SUBJECT ADDED ENTRY--TOPICAL TERM
Topical Term Environmental sciences - Bibliography
700 ## - ADDED ENTRY--PERSONAL NAME
Personal name Deshmukh, Asmita
700 ## - ADDED ENTRY--PERSONAL NAME
Personal name Hemant Tilak
710 ## - ADDED ENTRY--CORPORATE NAME
Corporate name or jurisdiction name as entry element Bombay. Indian Institute of Workers Education
942 ## - ADDED ENTRY ELEMENTS (KOHA)
Koha item type Books
Holdings
Withdrawn status Lost status Damaged status Not for loan Home library Current library Date acquired Bill Date Full call number Accession Number Price effective from Koha item type
        NASSDOC Library NASSDOC Library 08/06/2004 2008-12-30 016.3337 BOM-S 34031 18/04/2019 Books